1393 1660 1109 1440 1781 1169 1479 1116 1656 1204 1558 1000 1323 1169 1833 1456 1272 1409 1057 1514 1100 1385 1577 1988 1340 1595 1940 1870 1287 1872 1459 1346 1444 1112 1604 1339 1308 1283 1226 1117 1464 1464 1308 1667 1373 1715 1867 1563 1815 1813 1301 1122 1877 1494 1678 1669 1323 1545 1468 1226 1751 1674 1001 1929 1913 1235 1893 1823 1764 1872 1929 1583 1675 1884 1340 1985 1050 1709 1896 1869 1378 1021 1461 1039 1161 1666 1452 1342 1377 1269 1336 1809 1912 1439 1154 1615 1411 1804 1481 BCNSPRNW ULIB Ver.6.0+V

เปลี่ยนเป็นภาษาไทย

Change to English
 แสดงรายละเอียดบรรณานุกรม
  กลับหน้าหลัก

Brief Record : Get Marc (ISO 2709) : E-mail record : QR code < ปิดหน้าต่าง
LEADER : 00000nam 2200000uu 4500
001    13399115006
003     ULIB
008    120628s2550||||th 000 0 tha d
020    ^a9745877085
060 04 ^aWS100^bก282ต 2550
245 00 ^aกุมารเวชศาสตร์เขตร้อน :^bโรคเด็กที่พบบ่อย 2550 /^cกฤษณา เพ็งสา, บรรณาธิการ
250    ^aพิมพ์ครั้งที่ 4
260    ^aกรุงเทพฯ :^bดีไซร์,^c2550
300    ^a462 หน้า :^bภาพประกอบสี ;^c27 ซม.
500    ^aSend to Single Search
650  2 ^aPediatrics
650  2 ^aTropical medicine
650  4 ^aเวชศาสตร์เขตร้อน
650  4 ^aกุมารเวชศาสตร์
700 0  ^aกฤษณา เพ็งสา,^eบรรณาธิการ
710 2  ^aมหาวิทยาลัยมหิดล. ^bคณะเวชศาสตร์เขตร้อน.
945    ^p390^l0^i24812
995    ^aกัณชพร
999 ^a ใช้งานได้ทุกระบบ
รายการนี้ยังไม่มีแท็ก
คุณยังไม่ได้ล็อกอิน คุณสามารถมีกิจกรรมร่วมกับเว็บไซต์ได้ แต่ต้องล็อกอินก่อน ::
  ล็อกอิน

รายการสื่อสารสนเทศ

ลำดับที่ ประเภท เลขเรียก/บาร์โค้ด สถานที่ สถานะ
1. วิทยาศาสตร์การแพทย์ และสุขภาพ
วิทยาศาสตร์การแพทย์ และสุขภาพ
WS100 ก282ต 2550  
  Barcode: 24812
ห้องสมุดวิทยาเขตสวรรค์ประชารักษ์
►ส่วนจัดเก็บหนังสือเก่า สปร
บนชั้น
  ขอยืม

รายการใกล้เคียง
    หัวเรื่อง [Pediatrics]
    หัวเรื่อง [เวชศาสตร์เขตร้อน]
    หัวเรื่อง [กุมารเวชศาสตร์]

BibComment


ยังไม่เคยถูกคอมเมนท์

คอมเมนท์ทรัพยากรรายการนี้
  คอมเมนท์: กุมารเวชศาสตร์เข..


 Copyright 2026. Bcnsprnw @Library